LEADER 00832nam0-2200289 --450 001 9910435358903321 005 20210211200100.0 010 $a9780199538782 100 $a20210211d1998----kmuy0itay5050 ba 101 0 $aeng 102 $aGB 105 $ay 001yy 200 1 $aSelected poetry$flord Byron$gedited with an introduction and notes by Jerome J. McGann 210 $aOxford$cOxford University press$d1998 215 $aXXIII, 222 cm 225 1 $aOxford world?s classics 610 0 $aLord Byron 676 $a821.7$v20 700 1$aByron,$bGeorge Gordon$0153241 702 1$aMcGann,$bJerome J. 801 0$aIT$bUNINA$gREICAT$2UNIMARC 901 $aBK 912 $a9910435358903321 952 $a821.7 BYRON 4$bBIBL. 2020/1227$fFLFBC 959 $aFLFBC 996 $aSelected poetry$91765822 997 $aUNINA LEADER 03893nam 22007094a 450 001 9910451997903321 005 20200520144314.0 010 $a1-282-09670-2 010 $a0-262-28169-4 010 $a1-4237-6989-9 035 $a(CKB)1000000000461031 035 $a(EBL)3338553 035 $a(OCoLC)923250395 035 $a(SSID)ssj0000140580 035 $a(PQKBManifestationID)11132476 035 $a(PQKBTitleCode)TC0000140580 035 $a(PQKBWorkID)10052696 035 $a(PQKB)11594911 035 $a(StDuBDS)EDZ0000130830 035 $a(MiAaPQ)EBC3338553 035 $a(OCoLC)68193732$z(OCoLC)228168142$z(OCoLC)228168144$z(OCoLC)318000480$z(OCoLC)473738000$z(OCoLC)482340238$z(OCoLC)508208587$z(OCoLC)568000572$z(OCoLC)608169306$z(OCoLC)623015260$z(OCoLC)648224779$z(OCoLC)679310970$z(OCoLC)722564930$z(OCoLC)728037100$z(OCoLC)815776324$z(OCoLC)903534126$z(OCoLC)923250395$z(OCoLC)961552671$z(OCoLC)962682085$z(OCoLC)967257761$z(OCoLC)988511893$z(OCoLC)992079046$z(OCoLC)1037903879$z(OCoLC)1038593259$z(OCoLC)1055362206$z(OCoLC)1058914646$z(OCoLC)1065004734 035 $a(OCoLC-P)68193732 035 $a(MaCbMITP)2477 035 $a(Au-PeEL)EBL3338553 035 $a(CaPaEBR)ebr10173609 035 $a(CaONFJC)MIL209670 035 $a(EXLCZ)991000000000461031 100 $a20050815d2006 uy 0 101 0 $aeng 135 $aur|n|---||||| 181 $ctxt 182 $cc 183 $acr 200 00$aDoes consciousness cause behavior?$b[electronic resource] /$fedited by Susan Pockett, William P. Banks, and Shaun Gallagher 210 $aCambridge, Mass. $cMIT Press$dc2006 215 $a1 online resource (373 p.) 300 $aDescription based upon print version of record. 311 $a0-262-51257-2 311 $a0-262-16237-7 320 $aIncludes bibliographical references and index. 327 $aThe neuroscience of movement / Susan Pockett -- Consciousness of action as an embodied consciousness / Marc Jeannerod -- Intentions, actons, and the self / Suparna Choudhury and Sarah-Jayne Blakemore -- Free choice and the human brain / Richard E. Passingham and Hakwan C. Lau -- Consciousness, intentionality, and causality / Walter J. Freeman -- Where's the action? Epiphenomenalism and the problem of free will / Shaun Gallagher -- Empirical constraints on the problem of free will / Peter W. Ross -- Toward a dynamic theory of intentions / Elisabeth Pacherie -- Phenomenology and the feeling of doing : Wegner on the conscious will / Timothy Bayne -- Free will : theories, analysis, and data / Alfred R. Mele -- Of windmills and straw men : folk assumptions of mind and action / Bertram F. Malle -- Does consciousness cause misbehavior? / William P. Banks -- Free will as a social institution / Wolfgang Prinz -- Truth and/or consequences : neuroscience and criminal responsibility / Leonard V. Kaplan -- Bypassing conscious control : unconscious imitation, media violence, and freedom of speech / Susan Hurley -- Neurosociety ahead? Debating free will in the media / Sabine Maasen. 330 8 $aContinuing the debate over whether consciousness causes behaviour or plays no functional role in it, leading scholars discuss the question in terms of neuroscience, philosophy, law and public policy. 606 $aConsciousness 606 $aNeuropsychology 606 $aMind and body 606 $aIntention 608 $aElectronic books. 615 0$aConsciousness. 615 0$aNeuropsychology. 615 0$aMind and body. 615 0$aIntention. 676 $a153 701 $aPockett$b Susan$0925470 701 $aBanks$b William P$0288748 701 $aGallagher$b Shaun$f1948-$0326294 801 0$bMiAaPQ 801 1$bMiAaPQ 801 2$bMiAaPQ 906 $aBOOK 912 $a9910451997903321 996 $aDoes consciousness cause behavior$92078072 997 $aUNINA LEADER 04194oam 22007095 450 001 9910881092103321 005 20260319120045.0 010 $a3-031-57773-6 024 7 $a10.1007/978-3-031-57773-4 035 $a(MiAaPQ)EBC31605052 035 $a(Au-PeEL)EBL31605052 035 $a(CKB)34039638800041 035 $a(DE-He213)978-3-031-57773-4 035 $a(OCoLC)1453195524 035 $a(EXLCZ)9934039638800041 100 $a20240815d2024 u| 0 101 0 $aeng 135 $aurcnu|||||||| 181 $ctxt$2rdacontent 182 $cc$2rdamedia 183 $acr$2rdacarrier 200 10$aAdvancements in Health Sciences $eInsights into Technology, Education, and Biomedical Research /$fedited by Yousef M. Aljawarneh, Rabiha Seboussi, Gregory L. Blatch 205 $a1st ed. 2024. 210 1$aCham :$cSpringer Nature Switzerland :$cImprint: Springer,$d2024. 215 $a1 online resource (158 pages) 311 08$a3-031-57772-8 327 $aPredictors and Associated Factors for Depression, Stress and Anxiety Among Undergraduate Colleges Students -- Exploring Attitudes towards Schizophrenia and Depression among Emirati University Students? using a Vignette?Based Questionnaire -- Nursing Students? Perception of Their Digital Capabilities in UAE College: An Institutional-Based Cross-Sectional Study -- Health Information Management Professionals on Interdisciplinary Teams: Clarity in an Evolving Field -- Beyond the Data ? Changing Perspectives -- Evaluation of the Analytical Performance of Biochemistry Assays in a Private Hospital Laboratory in the United Arab Emirates Using Sigma Metrics -- An Indirect Co-Culturing Model System that link Lithium Anti-Inflammatory Effects and Endothelial Integrity in RVFV Inoculated Raw 264.7 Cells -- Ranking the Infection Risks of RNA Viruses with the Fuzzy PROMETHEE Method -- Awareness, Knowledge, and Experience of Telemedicine in the United Arab Emirates. 330 $aThis volume captures emerging strategies, technologies, and innovations leading to international advancements in healthcare outcomes and health science education. Its multidisciplinary contributions provide far-reaching implications for One Health research and practice at the patient, community, and population level. Readers will discover technological and institutional drivers of cutting-edge developments in the healthcare sector with a comprehensive scope, including human medicine, student training, and nursing. Topics include telehealth and telemedicine, mental health, educational innovations, molecular biology & biomedicine, global pandemic (COVID-19) effects on professionals and services, and more. The chapters stem from academics, practitioners, researchers, healthcare stakeholders and industry representatives resulting in highly multi- and inter-disciplinary content, which was carefully compiled during the first HCT International Conference on Advancements in HealthSciences, ICAHS 2023, held on March 8-9, 2023 in Dubai, United Arab Emirates. 606 $aMedical microbiology 606 $aMedical care 606 $aPublic health 606 $aSocial medicine 606 $aMedical Microbiology 606 $aHealth Care 606 $aPublic Health 606 $aHealth, Medicine and Society 606 $aSalut pública$2thub 606 $aInnovacions educatives$2thub 606 $aMicrobiologia mèdica$2thub 608 $aLlibres electrònics$2thub 615 0$aMedical microbiology. 615 0$aMedical care. 615 0$aPublic health. 615 0$aSocial medicine. 615 14$aMedical Microbiology. 615 24$aHealth Care. 615 24$aPublic Health. 615 24$aHealth, Medicine and Society. 615 7$aSalut pública 615 7$aInnovacions educatives 615 7$aMicrobiologia mèdica 676 $a616.9041 700 $aAljawarneh$b Yousef M$01765506 701 $aSeboussi$b Rabiha$01765507 701 $aBlatch$b Gregory L$01765508 801 0$bMiAaPQ 801 1$bMiAaPQ 801 2$bMiAaPQ 906 $aBOOK 912 $a9910881092103321 996 $aAdvancements in Health Sciences$94207196 997 $aUNINA